Capitales les plus proches des Tokelau A-Z - Statistiques

Statistiques générales
  • Ce quiz a été pris 10 fois
  • Le résultat moyen est 16 sur 24
Statistiques - réponses
Km Capitales % Correct
A Apia
100%
C Canberra
100%
N Nuku’alofa
100%
W Wellington
100%
J Jakarta
90%
S Suva
90%
Y Yaren
90%
B Bandar Seri Begawan
80%
H Honiara
80%
P Port-Vila
80%
F Funafuti
70%
K Kuala Lumpur
70%
Q Quito
70%
T Tarawa-Sud
70%
L Lima
60%
I Islamabad
50%
V Vientiane
50%
Z Zagreb
50%
E Erevan
40%
G Guatemala
40%
O Oulan-Bator
40%
R Roseau
40%
D Delap-Uliga-Darrit
30%
M Melekeok
30%
Aucun quiz correspondant
Distribution des résultats
% des personnes avec chaque résultat
Percentile par nombre de réponses
Votre historique - résultats
Vous n’avez pas pris ce quiz